Generácia Y: gamifikácia

Generácia Y - internetová generácia. Gamifikácia (využívanie herných prvkov) - nový trend v marketingu. Učenie môže byť zábavné. Marketingové postupy založené na princípe hier. Príklady gamifikácie v praxi.

Salvato in:
Dettagli Bibliografici
Natura: Capitolo di libro
Lingua:slovacco
Soggetti:
Tags: Aggiungi Tag
Nessun Tag, puoi essere il primo ad aggiungerne!!

MARC

LEADER 00000naa a2200000 4500
001 0168239
005 20231005092250.1
041 0 |a slo 
044 |a SK 
245 1 0 |a Generácia Y: gamifikácia 
520 |a Generácia Y - internetová generácia. Gamifikácia (využívanie herných prvkov) - nový trend v marketingu. Učenie môže byť zábavné. Marketingové postupy založené na princípe hier. Príklady gamifikácie v praxi. 
610 2 0 |a marketing 
610 2 0 |a komunikácia marketingová 
610 2 0 |a internet 
610 2 0 |a hry 
610 2 0 |a mládež 
610 2 0 |a generácie